书目信息 |
| 题名: |
电子技术基础
|
|
| 作者: | 康华光 主编 ;华中工学院电子学研究室 编 | |
| 分册: | 模拟部分 | |
| 出版信息: | 北京 高等教育出版社 1988.5 |
|
| 页数: | 595页 | |
| 开本: | 20cm | |
| 丛书名: | ||
| 单 册: | ||
| 中图分类: | TN101 , TN1 | |
| 科图分类: | ||
| 主题词: | 电子技术--高等学校--教材 , 模拟电路--高等学校--教材 , 真空电子技术 | |
| 电子资源: | ||
| ISBN: | 7-04-000900-5 | |
| 000 | 01066nam0 2200301 45 | |
| 001 | 0188011098 | |
| 005 | 20070717161735.01 | |
| 010 | @a7-04-000900-5@dCNY4.05 | |
| 020 | @aCN@b88011098 | |
| 100 | @a19910415d1988 m y0chiy0120 ea | |
| 101 | 0 | @achi |
| 102 | @aCN@b110000 | |
| 105 | @ay j 000yy | |
| 200 | 10 | @a电子技术基础@Adian zi ji shu ji chu@i模拟部分@Imo ni bu fen@f康华光主编@Fkang hua guang zhu bian@g华中工学院电子教研室编 |
| 205 | @a3版 | |
| 210 | @a北京@c高等教育出版社@d1988.5 | |
| 215 | @a595页@d20cm | |
| 300 | @a高等学校教材 | |
| 330 | @a本书通过对各种半导体器件及其电路的分析,阐述了电子技术中的基本概念、基本原理和基本分析方法,并介绍了电路实例,附有一定数量的例题、思考题和习题。 | |
| 606 | @a电子技术@x高等学校@x教材 | |
| 606 | @a模拟电路@x高等学校@x教材 | |
| 606 | 0 | @a真空电子技术 |
| 690 | @aTN101 | |
| 690 | @aTN1@v3 | |
| 701 | 0 | @a康华光@Akang hua guang@4主编 |
| 711 | 02 | @a华中工学院电子学研究室@Ahua zhong gong xue yuan dian zi xue yan jiu shi@4编 |
| 801 | 0 | @aCN@bNLC@c20070717 |
| 905 | @f6@b210207-212@dTN101@e15:1=3 | |
| 电子技术基础.模拟部分/康华光主编/华中工学院电子教研室编.-3版.-北京:高等教育出版社,1988.5 |
| 595页;20cm |
| 高等学校教材 |
| ISBN 7-04-000900-5:CNY4.05 |
| 本书通过对各种半导体器件及其电路的分析,阐述了电子技术中的基本概念、基本原理和基本分析方法,并介绍了电路实例,附有一定数量的例题、思考题和习题。 |
| ● |
| 相关链接 |
|
|
|
|
正题名:电子技术基础
索取号:TN101/15:1=3
 
预约/预借
| 序号 | 登录号 | 条形码 | 馆藏地/架位号 | 状态 | 备注 |
| 1 | 0210207 | 001348866 | 第三借阅区/ [索取号:TN101/15:1=3] | 在馆 | |
| 2 | 0210208 | 001349106 | 第三借阅区/ [索取号:TN101/15:1=3] | 在馆 | |
| 3 | 0210209 | 001348982 | 第三借阅区/ [索取号:TN101/15:1=3] | 在馆 | |
| 4 | 0210210 | 001349062 | 第三借阅区/ [索取号:TN101/15:1=3] | 在馆 | |
| 5 | 0210211 | 001348900 | 第二样本阅览室/ [索取号:TN101/15:1=3] | 在馆 | |
| 6 | 0210212 | 001348946 | 第三借阅区/ [索取号:TN101/15:1=3] | 在馆 | |
| 7 | 0210213 | 202170792 | 密集书库/ [索取号:TN101/15:1=3] | 在馆 | |
| 8 | 0210214 | 001349026 | 第三借阅区/ [索取号:TN101/15:1=3] | 在馆 | |
| 9 | 0210215 | 001347894 | 第三借阅区/ [索取号:TN101/15:1=3] | 在馆 | |
| 10 | 0210216 | 202170836 | 密集书库/ [索取号:TN101/15:1=3] | 在馆 | |
| 11 | 0635705 | 206357057 | 密集书库/ [索取号:TN101/15:1=3] | 在馆 | |
| 12 | 0653964 | 206539646 | 库房3/ [索取号:TN101/15:1=3] | 在馆 | |
| 13 | 0654856 | 206548565 | 库房3/ [索取号:TN101/15:1=3] | 在馆 | |
| 14 | 0766992 | 207669922 | 密集书库/ [索取号:TN101/15:1=3] | 在馆 |